[Event "Pescia op-A 5th"]
[Site "Pescia"]
[Date "2013.10.13"]
[Round "4"]
[White "Boschi, Massimiliano"]
[Black "Zucconi, Leandro"]
[Result "1/2-1/2"]
[WhiteElo "1926"]
[BlackElo "2037"]
[PlyCount "32"]
[EventDate "2013.10.11"]
[EventType "swiss"]
[EventRounds "5"]
[EventCountry "ITA"]
[SourceTitle "EXT 2015"]
[Source "ChessBase"]
[SourceDate "2014.11.20"]
[SourceVersion "1"]
[SourceVersionDate "2014.11.20"]
[SourceQuality "1"]

1. e3 d5 2. Nf3 Nf6 3. c4 e6 4. Nc3 Be7 5. d4 0-0 6. Bd3 c5 7. 0-0 Nc6 8. a3 cxd4 9. exd4 dxc4 10. Bxc4 a6 11. Qd3 b5 12. Ba2 Bb7 13. Rd1 Rc8 14. b4 Qc7 15. Bb2 Rfd8 16. Rac1 Qb8 1/2-1/2

[Event "Bertolini Memorial 18th"]
[Site "Genova"]
[Date "2013.06.23"]
[Round "5"]
[White "Boschi, Massimiliano"]
[Black "Mangili, Davide"]
[Result "0-1"]
[WhiteElo "1953"]
[BlackElo "1858"]
[PlyCount "50"]
[EventDate "2013.06.05"]
[EventType "swiss"]
[EventRounds "5"]
[EventCountry "ITA"]
[SourceTitle "EXT 2015"]
[Source "ChessBase"]
[SourceDate "2014.11.20"]
[SourceVersion "1"]
[SourceVersionDate "2014.11.20"]
[SourceQuality "1"]

1. e3 Nf6 2. Nf3 d6 3. d4 g6 4. Bd3 Bg7 5. 0-0 0-0 6. Nbd2 Bg4 7. h3 Bxf3 8. Nxf3 Nbd7 9. e4 e5 10. c3 Re8 11. Re1 Rc8 12. Bg5 h6 13. Bh4 c6 14. Qa4 Qb6 15. Rab1 Nh5 16. g4 Nf4 17. Bf1 g5 18. Bg3 Nf8 19. Bxf4 exf4 20. e5 dxe5 21. Nxe5 Bxe5 22. dxe5 Qc5 23. Qe4 Ng6 24. Bc4 Nxe5 25. Qf5 Nf3+ 0-1